[Event "Mlada Boleslav Region-ch U20"]
[Site "Mlada Boleslav"]
[Date "2013.06.22"]
[Round "1"]
[White "Sangsongfah, Czech"]
[Black "Havelka, Jan"]
[Result "1/2-1/2"]
[WhiteElo "1343"]
[BlackElo "1774"]
[PlyCount "108"]
[EventDate "2013.06.22"]
[EventType "swiss"]
[EventRounds "7"]
[EventCountry "CZE"]
[SourceTitle "EXT 2015"]
[Source "ChessBase"]
[SourceDate "2014.11.20"]
[SourceVersion "1"]
[SourceVersionDate "2014.11.20"]
[SourceQuality "1"]

1. e4 c5 2. Nf3 d6 3. d4 cxd4 4. Nxd4 Nf6 5. Nc3 a6 6. g3 e5 7. Nf3 h6 8. Bg2 Be6 9. h3 Be7 10. Be3 b5 11. Nd5 Nxd5 12. exd5 Bf5 13. Nxe5 dxe5 14. d6 e4 15. dxe7 Qxe7 16. Qd5 Qb4+ 17. c3 Qxb2 18. 0-0 0-0 19. Qxa8 Qxc3 20. Qd5 Qf6 21. Bxe4 Bxh3 22. Bd4 Qd8 23. Qxd8 Rxd8 24. Rfd1 Be6 25. Bb6 Rxd1+ 26. Rxd1 Nd7 27. Bc5 g6 28. Bd4 f5 29. Bc6 Kf7 30. Bxd7 Bxd7 31. Be3 Be6 32. Bxh6 a5 33. a4 Bb3 34. Rd7+ Ke6 35. Ra7 Bxa4 36. Rxa5 Kd5 37. Bf8 Kc4 38. Ra6 Bc2 39. Rxg6 b4 40. Rh6 Be4 41. Rh4 b3 42. Ba3 Kd3 43. Kf1 Kc2 44. f3 Bxf3 45. Rh2+ Kd3 46. Ke1 Be4 47. Rd2+ Ke3 48. Bc1 Kf3 49. Rb2 Bc2 50. Bf4 Ke4 51. Kd2 Kf3 52. Kc3 Ke4 53. Rxb3 Bxb3 54. Kxb3 Kd3 1/2-1/2

[Event "Mlada Boleslav Region-ch U20"]
[Site "Mlada Boleslav"]
[Date "2013.06.22"]
[Round "2"]
[White "Strelba, Ivo"]
[Black "Sangsongfah, Czech"]
[Result "1-0"]
[WhiteElo "1343"]
[BlackElo "1343"]
[PlyCount "61"]
[EventDate "2013.06.22"]
[EventType "swiss"]
[EventRounds "7"]
[EventCountry "CZE"]
[SourceTitle "EXT 2015"]
[Source "ChessBase"]
[SourceDate "2014.11.20"]
[SourceVersion "1"]
[SourceVersionDate "2014.11.20"]
[SourceQuality "1"]

1. e4 e5 2. d4 Nc6 3. dxe5 Nxe5 4. Qd4 Qf6 5. f4 Nc6 6. Qe3 Nd4 7. Bd3 Bc5 8. Qg3 d6 9. e5 Qh6 10. Nc3 Ne7 11. Nf3 Nef5 12. Bxf5 Nxf3+ 13. Qxf3 Bxf5 14. Qxb7 0-0 15. Qf3 Bxc2 16. g3 Qg6 17. a3 Bd4 18. Kd2 Bxc3+ 19. Qxc3 Be4 20. Re1 dxe5 21. Qxe5 Rfd8+ 22. Ke3 Rd3+ 23. Kf2 Rf3+ 24. Ke2 Qa6+ 25. Kd1 Rd8+ 26. Bd2 Qa4+ 27. Ke2 Qc4+ 28. Kd1 Bc2+ 29. Kc1 Bb3+ 30. Bc3 Qd3 31. Qe8+ 1-0